000 00418nam a2200181Ia 4500
001 22963
005 20260414150905.0
008 260414t2015||||xx |||||||||||||| ||spa||
041 _aESP
082 _a624.171
_bK24
100 _aKassimali, Aslam
_eAUT
245 0 _aAnálisis estructural
_b
260 _c2015
300 _a 000 páginas :
_c00 cm.
650 _a0
654 _aCIC
942 _cLIB
_dJUS
_fJUS
_2ddc
_n
999 _c22963
_d22963